Guess the City From the Famous People Born There - Statistics

General Stats
  • This quiz has been taken 70 times
  • The average score is 16 of 28
Answer Stats
Hints Answer % Correct
Penelope Cruz, Miguel de Cervantes, Plácido Domingo Madrid
90%
Elvis Costello, Idris Elba, Alec Guinness London
89%
Robert De Niro, Jerry Seinfeld, Henry Miller New York
89%
Fyodor Dostoevsky, Peter Kropotkin, Lev Yashin Moscow
87%
Hugh Jackman, Iggy Azalea, Miranda Kerr Sydney
85%
Sophia Loren, Sergio Leone, Isabella Rossellini Rome
84%
Hayao Miyazaki, Takeshi Kitano, Akira Kurosawa Tokyo
82%
Tom Waits, Nicolas Cage, Sean Penn Los Angeles
80%
Ludwig Wittgenstein, Franz Schubert, Marie Antoinette Vienna
79%
Dmitri Shostakovich, Vladimir Nabokov, Peter Carl Fabergé St. Petersburg
74%
Steve Winwood, Jude Bellingham, John Oliver Birmingham
72%
Barack Obama, Tia Carrere, Nicole Kidman Honolulu
72%
Václav Havel, Franz Kafka, Martina Navratilova Prague
67%
Niccolò Paganini, Christopher Columbus, Beppe Grillo Genoa
61%
Mickhail Bulgakov, Milla Jovovich, Golda Meir Kiev
57%
Neil Young, David Cronenberg, Mike Myers Toronto
54%
Gaius Petronius, Antonin Artaud, Eric Cantona Marseille
43%
Francis Ford Coppola, Ken Jeong, Jack White Detroit
41%
Lionel Messi, Che Guevara, Marcelo Frusin Rosario
41%
Pablo Picasso, Antonio Banderas, Pepe Romero Malaga
36%
Hunter S. Thompson, Sean Young, Muhammad Ali Louisville
34%
Dominic West, Sean Bean, Michael Palin Sheffield
34%
Philip Glass, Frank Zappa, Babe Ruth Baltimore
31%
Theodor W. Adorno, Otto Hahn, Anne Frank Frankfurt
30%
Jason Alexander, Joe Pesci, Ray Liotta Newark
26%
James Mason, Harold Wilson, Patrick Stewart Huddersfield
13%
Gong Li, Lang Lang, Min Chiu Li Shenyang
7%
Madame Blavatsky, Yulia Tymoshenko, Yaroslava Mahuchikh Dnipro
5%
No matching quizzes found
Score Distribution
Percent of People with Each Score
Percentile by Number Answered
Your Score History
You have not taken this quiz